| 000 | 01204naa a22003017a 4500 | ||
|---|---|---|---|
| 001 | BR8003521 | ||
| 003 | BR-BrBNA | ||
| 005 | 20240918174620.0 | ||
| 007 | ta | ||
| 008 | 230509b bl.||||| |||| 00| 0 por d | ||
| 040 |
_aBR-BrBNA _bpor _cBiblioteca Nacional de Agricultura |
||
| 041 | _a(Pt) | ||
| 072 |
_aP05; K50; E15 _b8905 _b8901 _bG514 |
||
| 090 | _aP05 BR8003521 | ||
| 100 | 1 | _aJuvillar, J.B. | |
| 245 | 1 |
_aAs alternativas do carvao vegetal e da madeira como materias-primas energeticas [Combustivel; Madeira; Industria florestal; Investimento; Estatistica de producao; Brasil] _bMemoria tecnica n.4 |
|
| 260 | 3 |
_aRio de Janeiro, RJ (Brasil): _c1980. |
|
| 500 | _aA crise dos combustiveis liquidos. A visao do setor industrial Rio de Janeiro, RJ (Brasil): 1980. v. 2 p. 97-112 (BR8003521-AM)P05 | ||
| 650 | _aCARVAO VEGETAL | ||
| 650 | _aMADEIRA | ||
| 650 | _aCOMBUSTIVEL | ||
| 650 | _aECONOMIA DA PRODUCAO | ||
| 650 | _aESTATISTICA DE PRODUCAO | ||
| 650 | _aINVESTIMENTO | ||
| 773 | 0 |
_tA crise dos combustiveis liquidos. A visao do setor industrial _wP05 BR8003521 _gRio de Janeiro, RJ (Brasil), 1980. v. 2 p. 97-112 |
|
| 909 |
_a202404 _bLucia _c55 _dLucia Elande |
||
| 942 |
_cAM _2AGRIS |
||
| 999 |
_c312363 _d312363 |
||